| 000 | 00377 a2200169 4500 | ||
|---|---|---|---|
| 001 | 45192 | ||
| 020 | _a8532515088 | ||
| 040 | _cAnchieta - Aquarius | ||
| 100 | _aScliar, Moacyr | ||
| 240 | 1 | 0 |
_aNem uma coisa, nem outra _lpor |
| 245 | 1 | 0 | _aNem uma coisa, nem outra |
| 300 | _a | ||
| 362 | 0 | _a2003 | |
| 440 | 1 | _aRocco | |
| 650 | 4 | _aLiteratura infanto-juvenil | |
| 942 | _cBK | ||
| 999 |
_c45192 _d45192 |
||